[Event "19th Hoogeveen op"]
[Site "Hoogeveen NED"]
[Date "2015.10.18"]
[Round "2.22"]
[White "Schoppen, Casper"]
[Black "Kossen, Johannes"]
[Result "1-0"]
[WhiteElo "2220"]
[BlackElo "2029"]
[EventDate "2015.10.17"]
[PlyCount "85"]

1.d4 d5 2.c4 c6 3.Nf3 e6 4.Nc3 dxc4 5.e4 b5 6.a4 Bb4 7.axb5 cxb5 8.Bd2 
Bxc3 9.bxc3 Bb7 10.Qb1 Qb6 11.Be3 Nd7 12.d5 Nc5 13.Qb4 Rc8 14.Nd4 exd5 15.
Qxb5+ Nd7 16.Qxb6 axb6 17.Ra7 Ba8 18.Nf5 Ngf6 19.e5 Ne4 20.Nxg7+ Ke7 21.
Nf5+ Ke6 22.Nd4+ Ke7 23.f3 Nc5 24.Bg5+ Kf8 25.Bh6+ Ke8 26.Nf5 Nb7 27.Bg7 
Rg8 28.g3 Kd8 29.Bh3 Kc7 30.Ne7 Rce8 31.Nxg8 Rxg8 32.Bxd7 Kxd7 33.Bf6 Ke6 
34.O-O Kf5 35.Rfa1 Na5 36.Rxf7 Kg6 37.Rd7 d4 38.Rxd4 Bxf3 39.Rf1 Bh5 40.g4
Kf7 41.Rd7+ Ke6 42.Rd6+ Kf7 43.Bg5+ 1-0

[Event "19th Hoogeveen op"]
[Site "Hoogeveen NED"]
[Date "2015.10.18"]
[Round "2.23"]
[White "Kokje, Joris"]
[Black "Majhi, Ankit"]
[Result "0-1"]
[WhiteElo "1983"]
[BlackElo "2233"]
[EventDate "2015.10.17"]
[PlyCount "66"]

1.d4 Nf6 2.c4 g6 3.Nc3 Bg7 4.e4 d6 5.f3 O-O 6.Be3 c5 7.Nge2 Nc6 8.d5 Na5 
9.Ng3 e6 10.Bd3 exd5 11.cxd5 Re8 12.O-O a6 13.Qd2 b5 14.Rac1 Bd7 15.Bh6 
Bh8 16.Nce2 Qb6 17.Kh1 b4 18.b3 Bb5 19.Rfe1 Rac8 20.Bc4 Nd7 21.f4 Bxc4 22.
bxc4 b3 23.Rb1 Nxc4 24.Qd3 Na3 25.Rxb3 c4 26.Rxb6 cxd3 27.Rxa6 Nc2 28.Rd1 
dxe2 29.Nxe2 Nc5 30.Rc6 Nxe4 31.Rc1 Rxc6 32.dxc6 Nd4 33.c7 Nxe2 0-1

[Event "19th Hoogeveen op"]
[Site "Hoogeveen NED"]
[Date "2015.10.18"]
[Round "2.25"]
[White "Halfhide, Sebastian"]
[Black "Heemskerk, Wim"]
[Result "0-1"]
[WhiteElo "2102"]
[BlackElo "2181"]
[EventDate "2015.10.17"]
[PlyCount "100"]

1.e4 c5 2.Nf3 Nc6 3.d4 cxd4 4.Nxd4 g6 5.c4 Nf6 6.Nc3 d6 7.Be2 Nxd4 8.Qxd4 
Bg7 9.O-O O-O 10.Kh1 Be6 11.Qe3 a6 12.Bd2 Ng4 13.Qg3 Ne5 14.b3 Nc6 15.Rac1
Nd4 16.Bd3 b5 17.Nd5 Rc8 18.Rfe1 Re8 19.f4 Bd7 20.e5 Bc6 21.Nb4 Bb7 22.
cxb5 Rxc1 23.Rxc1 axb5 24.Be3 dxe5 25.fxe5 Qa5 26.Bxd4 Qxb4 27.Bc3 Qa3 28.
Rf1 Qxa2 29.e6 f5 30.Bxg7 Kxg7 31.Bxb5 Rf8 32.Bc4 Qb2 33.h3 f4 34.Qf2 Qc3 
35.Kh2 Rf6 36.Qe1 Qxe1 37.Rxe1 f3 38.gxf3 Rxf3 39.Re2 Kf6 40.Rc2 Be4 41.
Rg2 Bf5 42.Rg3 Rxg3 43.Kxg3 Bxe6 44.Bxe6 Kxe6 45.Kf4 Kd5 46.b4 e5+ 47.Ke3 
g5 48.b5 h5 49.b6 Kc6 50.Ke4 g4 0-1

[Event "19th Hoogeveen op"]
[Site "Hoogeveen NED"]
[Date "2015.10.18"]
[Round "2.27"]
[White "Clemens, Adrian HP"]
[Black "Henseler, Jorgen"]
[Result "1-0"]
[WhiteElo "2175"]
[BlackElo "2069"]
[EventDate "2015.10.17"]
[PlyCount "65"]

1.d4 Nf6 2.c4 e6 3.g3 d5 4.Nf3 dxc4 5.Bg2 Bb4+ 6.Bd2 a5 7.O-O O-O 8.Qc2 
Bxd2 9.Nbxd2 b5 10.a4 c6 11.b3 cxb3 12.Nxb3 b4 13.e4 Nbd7 14.Qxc6 Ra6 15.
Qc2 Bb7 16.Nfd2 Qa8 17.f3 Rc8 18.Qb2 Rac6 19.Rac1 Rc3 20.Rfe1 e5 21.d5 
Qa7+ 22.Kh1 Nb6 23.Qa1 Nfd7 24.Bf1 f5 25.Bh3 fxe4 26.Be6+ Kh8 27.fxe4 R8c7
28.Rxc3 bxc3 29.Nf3 Qa6 30.Qa3 Rc8 31.Ng5 Rf8 32.Qe7 Qd3 33.Nf7+ 1-0

[Event "19th Hoogeveen op"]
[Site "Hoogeveen NED"]
[Date "2015.10.18"]
[Round "2.28"]
[White "Hulshof, Peter"]
[Black "Hummel, Joop"]
[Result "1-0"]
[WhiteElo "2175"]
[BlackElo "1990"]
[EventDate "2015.10.17"]
[PlyCount "51"]

1.e4 e6 2.Qe2 Be7 3.b3 b6 4.Bb2 Nf6 5.g3 Bb7 6.Bg2 c5 7.d3 O-O 8.Nf3 d5 9.
e5 Nfd7 10.O-O Nc6 11.Re1 Rc8 12.Na3 a6 13.c3 b5 14.Nc2 Qc7 15.Bc1 h6 16.
h4 Rce8 17.Bf4 Qa5 18.Qd2 f6 19.Bxh6 gxh6 20.Qxh6 Rf7 21.Qg6+ Kf8 22.Bh3 
Rg7 23.Qh6 f5 24.Qxe6 Rd8 25.Qxf5+ Rf7 26.Qh5 1-0

[Event "19th Hoogeveen op"]
[Site "Hoogeveen NED"]
[Date "2015.10.18"]
[Round "2.29"]
[White "Sadallah, Osama"]
[Black "Van Dorp, Folke"]
[Result "1-0"]
[WhiteElo "2067"]
[BlackElo "2168"]
[EventDate "2015.10.17"]
[PlyCount "76"]

1.d4 Nf6 2.c4 e6 3.Nc3 Bb4 4.e3 b6 5.Bd3 Bb7 6.Nf3 Ne4 7.Qc2 f5 8.Bd2 Nxd2
9.Nxd2 c5 10.d5 Bxc3 11.Qxc3 O-O 12.Qc2 Qf6 13.e4 Na6 14.a3 Nc7 15.O-O 
exd5 16.exd5 d6 17.Nf3 b5 18.b3 Rae8 19.Rae1 g6 20.Qd2 a6 21.h3 Kg7 22.Qa5
Na8 23.Rxe8 Rxe8 24.Re1 Rxe1+ 25.Qxe1 Nc7 26.Qa5 Na8 27.cxb5 Bxd5 28.bxa6 
Bxf3 29.gxf3 Qg5+ 30.Kh2 Qf4+ 31.Kg2 Qg5+ 32.Kf1 Qh4 33.Qc3+ Kh6 34.Qh8 
Qxh3+ 35.Ke2 Qh2 36.Qxa8 Qe5+ 37.Kf1 Qc3 38.Qf8+ Kh5 1-0

[Event "19th Hoogeveen op"]
[Site "Hoogeveen NED"]
[Date "2015.10.18"]
[Round "2.30"]
[White "Mellema, Andries"]
[Black "De Wolf, Kees"]
[Result "1-0"]
[WhiteElo "2162"]
[BlackElo "1982"]
[EventDate "2015.10.17"]
[PlyCount "25"]

1.Nc3 d5 2.e4 dxe4 3.Nxe4 Nf6 4.Nxf6+ exf6 5.d4 Bd6 6.Bd3 Nc6 7.c3 O-O 8.
Qc2 Re8+ 9.Ne2 g6 10.h4 Ne7 11.h5 Bf5 12.hxg6 fxg6 13.Qb3+ 1-0

[Event "19th Hoogeveen op"]
[Site "Hoogeveen NED"]
[Date "2015.10.18"]
[Round "2.31"]
[White "Munnik, Talitha"]
[Black "Den Hartog, Marijn"]
[Result "0-1"]
[WhiteElo "2037"]
[BlackElo "2158"]
[EventDate "2015.10.17"]
[PlyCount "54"]

1.e4 e6 2.d4 d5 3.Nd2 Be7 4.e5 c5 5.Qg4 Bf8 6.dxc5 Nh6 7.Qh3 Nc6 8.Ngf3 
Qc7 9.Bb5 Bxc5 10.Nb3 Bf8 11.Bxh6 gxh6 12.Qg3 Bd7 13.Bxc6 bxc6 14.O-O c5 
15.Nbd2 Bc6 16.c3 O-O-O 17.b4 Be7 18.Nb3 Rhg8 19.Qf4 d4 20.cxd4 Qb7 21.Na5
Rxg2+ 22.Kh1 Rg4 23.Qxg4 Bxf3+ 24.Kg1 Bxg4 25.Nxb7 Rg8 26.Nd6+ Bxd6 27.
Rfc1 Be2+ 0-1

[Event "19th Hoogeveen op"]
[Site "Hoogeveen NED"]
[Date "2015.10.18"]
[Round "2.32"]
[White "Lewin, Tammo"]
[Black "Mijnheer, Peter"]
[Result "1/2-1/2"]
[WhiteElo "2021"]
[BlackElo "2154"]
[EventDate "2015.10.17"]
[PlyCount "99"]

1.d4 Nf6 2.c4 c5 3.d5 b5 4.Qc2 bxc4 5.e4 e6 6.Bxc4 exd5 7.exd5 Be7 8.Nf3 
O-O 9.O-O d6 10.Nc3 Nbd7 11.Re1 Bb7 12.Qe2 Re8 13.Bg5 a6 14.Rad1 h6 15.Bh4
Bf8 16.Qd3 Qa5 17.a3 Ng4 18.Bg3 Rad8 19.Qf5 Ngf6 20.h3 g6 21.Qd3 Qb6 22.
Ba2 Bg7 23.Nd2 Ne5 24.Qc2 Nh5 25.Bxe5 dxe5 26.Nc4 Qc7 27.Ne3 Nf4 28.Ne4 c4
29.Qxc4 Qb8 30.b4 Rc8 31.Qb3 Red8 32.Nc5 Kh7 33.Nxb7 Qxb7 34.Rd2 e4 35.Rc2
Nd3 36.Rd1 Rxc2 37.Qxc2 Rc8 38.Bc4 Nb2 39.Rc1 Nxc4 40.Nxc4 Qxd5 41.Qa2 Be5
42.g3 e3 43.f4 Bd4 44.Qe2 h5 45.Kh2 Re8 46.h4 Re6 47.Rd1 Rc6 48.Ne5 Rc3 
49.Nf3 Rc4 50.Ne5 1/2-1/2

[Event "19th Hoogeveen op"]
[Site "Hoogeveen NED"]
[Date "2015.10.18"]
[Round "2.34"]
[White "Boersma, Jan"]
[Black "Brantjes, Yme"]
[Result "0-1"]
[WhiteElo "2153"]
[BlackElo "1962"]
[EventDate "2015.10.17"]
[PlyCount "76"]

1.e4 c5 2.Nc3 Nc6 3.f4 e6 4.Nf3 d5 5.Bb5 Ne7 6.O-O a6 7.Bxc6+ Nxc6 8.d3 
Be7 9.e5 b5 10.b3 O-O 11.Ne2 Qc7 12.Be3 Bd7 13.Ng3 a5 14.Nh5 g6 15.Ng3 a4 
16.Qd2 Ra6 17.c4 bxc4 18.bxc4 d4 19.Bf2 Rb8 20.Ne4 Rab6 21.Bh4 Bxh4 22.
Nxh4 Rb2 23.Qd1 Ne7 24.Qg4 Bc6 25.Nf6+ Kh8 26.Qh3 Nf5 27.Nf3 h5 28.g4 Ne3 
29.gxh5 g5 30.fxg5 Nxf1 31.Rxf1 Bxf3 32.Qxf3 Qxe5 33.Ng4 Qxg5 34.Kh1 Rb1 
35.Nf6 Qe3 36.Kg2 R8b2+ 37.Rf2 Rxf2+ 38.Kg3 Rxa2 0-1

[Event "19th Hoogeveen op"]
[Site "Hoogeveen NED"]
[Date "2015.10.18"]
[Round "2.35"]
[White "Bekedam, Tyro"]
[Black "Boer, Alef"]
[Result "0-1"]
[WhiteElo "1981"]
[BlackElo "2151"]
[EventDate "2015.10.17"]
[PlyCount "80"]

1.e4 Nf6 2.e5 Nd5 3.d4 d6 4.c4 Nb6 5.Nf3 Bg4 6.exd6 exd6 7.Be2 Nc6 8.O-O 
Be7 9.b3 O-O 10.Bb2 Bf6 11.Na3 Re8 12.Nc2 Bh5 13.Re1 a5 14.a3 a4 15.b4 
Bxf3 16.gxf3 Qd7 17.Qd2 Qf5 18.Rad1 Bg5 19.Qd3 Qf6 20.Ne3 Bf4 21.Ng2 Bg5 
22.Kh1 Ne7 23.Rg1 Ng6 24.Qc2 d5 25.c5 Nd7 26.Rde1 c6 27.Bd1 Rxe1 28.Rxe1 
Ndf8 29.Qd3 Ne6 30.Bc2 Ngf8 31.Kg1 Qh6 32.Qf5 Ng6 33.Bb1 Bd2 34.Re2 Bc1 
35.Qc2 Bxb2 36.Qxb2 Ngf4 37.Nxf4 Nxf4 38.Re5 f6 39.Re7 Qh3 40.Bxh7+ Kh8 
0-1

[Event "19th Hoogeveen op"]
[Site "Hoogeveen NED"]
[Date "2015.10.18"]
[Round "2.36"]
[White "Klapwijk, Bram"]
[Black "Oord, Raymon"]
[Result "1-0"]
[WhiteElo "2151"]
[BlackElo "1888"]
[EventDate "2015.10.17"]
[PlyCount "55"]

1.e4 d6 2.d4 g6 3.Nc3 Bg7 4.Be3 Nf6 5.f3 c6 6.Qd2 a5 7.a3 Na6 8.h4 h5 9.
Nh3 Bxh3 10.Rxh3 Nc7 11.Bd3 b5 12.a4 b4 13.Ne2 e5 14.dxe5 dxe5 15.Nc1 Ne6 
16.Nb3 Nd7 17.Bf1 Bf6 18.O-O-O Be7 19.Qf2 Qc7 20.g3 Ng7 21.Rh2 f5 22.Qg1 
Ne6 23.Rhd2 Nef8 24.exf5 gxf5 25.Bh3 Nf6 26.Bxf5 Nd5 27.Bc5 Bf6 28.Be4 1-0

[Event "19th Hoogeveen op"]
[Site "Hoogeveen NED"]
[Date "2015.10.18"]
[Round "2.37"]
[White "Van Dael, Siem"]
[Black "Rosmuller, Anton J"]
[Result "0-1"]
[WhiteElo "1978"]
[BlackElo "2137"]
[EventDate "2015.10.17"]
[PlyCount "38"]

1.e4 e6 2.d4 d5 3.Nc3 Bb4 4.e5 c5 5.a3 Bxc3+ 6.bxc3 Qc7 7.Qg4 f5 8.exf6 
Nxf6 9.Qf4 Qa5 10.Bd2 O-O 11.c4 Qa4 12.Bd3 Nc6 13.cxd5 Nxd4 14.c3 e5 15.
Qg5 Nc2+ 16.Bxc2 Qxc2 17.Nf3 Qe4+ 18.Be3 Bg4 19.Nh4 Qd3 0-1

[Event "19th Hoogeveen op"]
[Site "Hoogeveen NED"]
[Date "2015.10.18"]
[Round "2.38"]
[White "Boer, Bas De"]
[Black "Losekoot, Pascal"]
[Result "0-1"]
[WhiteElo "1863"]
[BlackElo "2126"]
[EventDate "2015.10.17"]
[PlyCount "76"]

1.d4 Nf6 2.c4 e6 3.Nc3 Bb4 4.e3 O-O 5.Ne2 d5 6.a3 Be7 7.cxd5 exd5 8.Nf4 c6
9.Bd3 Na6 10.O-O Nc7 11.f3 Ne6 12.Nfe2 Re8 13.Bc2 c5 14.dxc5 Bxc5 15.Bb3 
d4 16.Na4 d3 17.Nec3 Bd6 18.e4 Nd4 19.Be3 Nxb3 20.Qxb3 b6 21.Nb5 Be6 22.
Qd1 Be5 23.Rc1 Qd7 24.Nbc3 Rad8 25.Rf2 Bb8 26.Rd2 h5 27.Kh1 h4 28.Bg1 Nh5 
29.Bf2 Qd6 30.Qg1 Qe7 31.g3 hxg3 32.hxg3 Qg5 33.f4 Qg4 34.Qh2 Bb3 35.Rg1 
Bxa4 36.Nxa4 Rxe4 37.Nc3 Re6 38.Rgd1 Rh6 0-1

[Event "19th Hoogeveen op"]
[Site "Hoogeveen NED"]
[Date "2015.10.18"]
[Round "2.39"]
[White "Hendriks, Richard V"]
[Black "Van Randtwijk, Mick"]
[Result "1-0"]
[WhiteElo "2107"]
[BlackElo "1852"]
[EventDate "2015.10.17"]
[PlyCount "61"]

1.e4 c5 2.Nf3 Nc6 3.d4 cxd4 4.Nxd4 g6 5.Be2 Bg7 6.Nb3 Nf6 7.Nc3 d6 8.O-O 
O-O 9.Re1 Bd7 10.Bf1 Rc8 11.Nd5 Nxd5 12.exd5 Nb8 13.c3 b5 14.Bg5 Re8 15.a3
a5 16.g3 h6 17.Be3 Qc7 18.Bd4 Na6 19.Bxg7 Kxg7 20.Nd4 Qb7 21.Bg2 Nc5 22.h4
h5 23.Qd2 Na4 24.Be4 Nb6 25.Qg5 Nc4 26.Ne6+ Bxe6 27.dxe6 Qb6 28.exf7 Rh8 
29.Qxg6+ Kf8 30.Bd5 e6 31.Rxe6 1-0

[Event "19th Hoogeveen op"]
[Site "Hoogeveen NED"]
[Date "2015.10.19"]
[Round "3.1"]
[White "l`Ami, Erwin"]
[Black "Werle, Jan"]
[Result "1-0"]
[WhiteElo "2619"]
[BlackElo "2524"]
[EventDate "2015.10.17"]
[PlyCount "137"]

1.d4 Nf6 2.c4 e6 3.Nf3 b6 4.g3 Ba6 5.b3 Bb4+ 6.Bd2 Be7 7.Nc3 d5 8.cxd5 
exd5 9.Bg2 O-O 10.O-O Bb7 11.Qb1 Na6 12.Rd1 Ne4 13.Ne5 Nxd2 14.Rxd2 c6 15.
e3 Ba3 16.Qc2 Rc8 17.Rad1 Qe7 18.Qb1 Nc7 19.Nd3 a5 20.Na4 Na8 21.Rc2 Rcd8 
22.Qa1 Rd6 23.Qc3 Rh6 24.Rb1 Bb4 25.Nxb4 axb4 26.Qd2 Ba6 27.Re1 Bb5 28.Nb2
Nc7 29.Nd3 Na6 30.Ne5 Nb8 31.Bf1 Bxf1 32.Rxf1 Rc8 33.Rfc1 Re6 34.Nd3 Na6 
35.Nf4 Rd6 36.Qd3 Qb7 37.h4 h6 38.h5 Rc7 39.Qf5 Rf6 40.Qg4 Rd6 41.Nd3 Rd8 
42.Ne5 c5 43.Qe2 Qc8 44.Qb5 Rd6 45.Nd3 Rdc6 46.Nf4 Rd6 47.Rd1 Rcd7 48.dxc5
bxc5 49.Rcd2 Qd8 50.e4 d4 51.e5 Rb6 52.Qc4 Kh8 53.Re2 Qc8 54.Rde1 d3 55.
Nxd3 Rd4 56.Qc2 c4 57.e6 Rxe6 58.Rxe6 fxe6 59.Ne5 Qe8 60.Qe2 Nc5 61.bxc4 
Qa8 62.Qc2 Qe8 63.Qb2 Re4 64.Rxe4 Nxe4 65.Ng6+ Kh7 66.Qxb4 Qd8 67.Nf8+ Kg8
68.Nxe6 Qd1+ 69.Kg2 1-0

[Event "19th Hoogeveen op"]
[Site "Hoogeveen NED"]
[Date "2015.10.19"]
[Round "3.2"]
[White "Pavlidis, Antonios"]
[Black "Bok, Benjamin"]
[Result "1/2-1/2"]
[WhiteElo "2522"]
[BlackElo "2591"]
[EventDate "2015.10.17"]
[PlyCount "44"]

1.e4 e5 2.Nf3 Nc6 3.Bb5 a6 4.Ba4 Nf6 5.O-O Be7 6.Re1 b5 7.Bb3 d6 8.c3 O-O 
9.h3 Bb7 10.d4 Nd7 11.Nbd2 exd4 12.cxd4 Re8 13.Nf1 Na5 14.Bc2 Bf6 15.Bf4 
Nf8 16.Ng3 Ne6 17.Bc1 g6 18.Rb1 c5 19.d5 Nd4 20.Nxd4 Bxd4 21.b3 Bc8 22.Bf4
b4 1/2-1/2

[Event "19th Hoogeveen op"]
[Site "Hoogeveen NED"]
[Date "2015.10.19"]
[Round "3.3"]
[White "Sengupta, Deep"]
[Black "Shabalov, Alexander"]
[Result "1-0"]
[WhiteElo "2580"]
[BlackElo "2522"]
[EventDate "2015.10.17"]
[PlyCount "89"]

1.e4 c5 2.Nf3 d6 3.d4 cxd4 4.Nxd4 Nf6 5.Nc3 Nc6 6.Bg5 e6 7.Qd2 a6 8.O-O-O 
Bd7 9.f3 b5 10.Nxc6 Bxc6 11.Ne2 Bb7 12.Nd4 Be7 13.h4 h6 14.Be3 h5 15.Kb1 
Rc8 16.Bg5 Qc7 17.Bd3 Rd8 18.Rhe1 O-O 19.Rg1 Kh8 20.Qe2 Rfe8 21.Rdf1 Bc8 
22.g4 e5 23.Nb3 Be6 24.gxh5 Nh7 25.Qg2 Rg8 26.Nc1 Rb8 27.Qd2 Bd8 28.Rg3 
Qa7 29.Bxd8 Rbxd8 30.f4 Qe7 31.f5 Qxh4 32.Qg2 Bc4 33.Rg1 Qf6 34.b3 Rb8 35.
h6 g5 36.fxg6 Rxg6 37.Rxg6 fxg6 38.Bxc4 bxc4 39.Qxg6 cxb3 40.axb3 a5 41.
Nd3 Qe7 42.Nb2 Nf6 43.Rf1 Rf8 44.Nc4 a4 45.Ne3 1-0

[Event "19th Hoogeveen op"]
[Site "Hoogeveen NED"]
[Date "2015.10.19"]
[Round "3.4"]
[White "Bogner, Sebastian"]
[Black "Vishnu, Prasanna V"]
[Result "1/2-1/2"]
[WhiteElo "2557"]
[BlackElo "2503"]
[EventDate "2015.10.17"]
[PlyCount "36"]

1.d4 Nf6 2.c4 g6 3.Nf3 Bg7 4.g3 O-O 5.Bg2 c6 6.O-O d5 7.Nbd2 Be6 8.b3 Ne4 
9.Bb2 f5 10.Qc2 Nd7 11.Rac1 Rc8 12.e3 a5 13.Ne1 b5 14.c5 Bf7 15.Nd3 Qc7 
16.f3 Nxd2 17.Qxd2 e5 18.f4 e4 1/2-1/2

[Event "19th Hoogeveen op"]
[Site "Hoogeveen NED"]
[Date "2015.10.19"]
[Round "3.5"]
[White "Debashis, Das"]
[Black "Halkias, Stelios"]
[Result "1-0"]
[WhiteElo "2501"]
[BlackElo "2534"]
[EventDate "2015.10.17"]
[PlyCount "135"]

1.d4 f5 2.Nf3 Nf6 3.g3 g6 4.Bg2 Bg7 5.O-O O-O 6.c4 d6 7.Nc3 e6 8.b4 Qe7 9.
a4 Ne4 10.Bb2 Nxc3 11.Bxc3 Nd7 12.e3 g5 13.Re1 g4 14.Nd2 e5 15.dxe5 Nxe5 
16.Qc2 c6 17.b5 Be6 18.bxc6 bxc6 19.Rab1 Rac8 20.Rb2 d5 21.Reb1 Rc7 22.Ba5
Nxc4 23.Nxc4 dxc4 24.Rb4 Rcc8 25.Rb7 Qd6 26.Bf1 Qd5 27.Rxa7 Ra8 28.Rxa8 
Rxa8 29.Bb6 c3 30.a5 c5 31.a6 Qe4 32.Bd3 Qf3 33.a7 Bd5 34.e4 Bxe4 35.Bxe4 
Qxe4 36.Qa2+ c4 37.Be3 Be5 38.Rb4 Qd5 39.Qxc4 Qxc4 40.Rxc4 Kf7 41.Kf1 Ke6 
42.Ke2 Kd5 43.Kd3 h5 44.Ra4 h4 45.Ra5+ Ke6 46.Ra6+ Kf7 47.Bf4 Bf6 48.Bb8 
h3 49.Rc6 Bh8 50.Rc7+ Ke6 51.Rxc3 Bxc3 52.Kxc3 Kf6 53.Kd4 Ke6 54.Ke3 Kf7 
55.f3 gxf3 56.Kxf3 Kg6 57.g4 Kg5 58.gxf5 Kxf5 59.Kg3 Kg5 60.Kxh3 Kf5 61.
Kg3 Kg5 62.h4+ Kf5 63.Kf3 Kg6 64.Kg4 Kf6 65.h5 Kg7 66.Kg5 Kf7 67.h6 Kg8 
68.Kg6 1-0

[Event "19th Hoogeveen op"]
[Site "Hoogeveen NED"]
[Date "2015.10.19"]
[Round "3.6"]
[White "Ernst, Sipke"]
[Black "Pruijssers, Roeland"]
[Result "1/2-1/2"]
[WhiteElo "2527"]
[BlackElo "2501"]
[EventDate "2015.10.17"]
[PlyCount "195"]

1.e4 Nf6 2.d3 e5 3.Nf3 Nc6 4.Be2 d5 5.exd5 Nxd5 6.O-O Be7 7.Re1 O-O 8.Bf1 
Bf6 9.Nbd2 Nde7 10.Ne4 Ng6 11.c3 a5 12.Qa4 Be7 13.b4 b5 14.Qxb5 Bd7 15.Nc5
axb4 16.Nxd7 Qxd7 17.cxb4 Bxb4 18.Bd2 Ra5 19.Qc4 Rc5 20.Qe4 Bxd2 21.Nxd2 
Nd4 22.Rec1 Rxc1 23.Rxc1 c6 24.Nb3 f5 25.Qe1 Nxb3 26.axb3 Qd6 27.Rc4 Nf4 
28.Qc3 Rf6 29.g3 Nd5 30.Qa5 Ne7 31.Rc5 Ng6 32.Qa8+ Nf8 33.Qa5 Ne6 34.Rxe5 
Nd4 35.Re3 Rf8 36.b4 f4 37.Re4 fxg3 38.hxg3 Nf3+ 39.Kg2 Qh6 40.Qa2+ Kh8 
41.Rf4 Ne1+ 42.Kg1 Qd6 43.Rxf8+ Qxf8 44.Be2 h6 45.Qd2 Nf3+ 46.Bxf3 Qxf3 
47.Qe3 Qf7 48.Qe4 Qd7 49.Kf1 Qd6 50.Ke2 Qf6 51.Ke3 Qc3 52.Qc4 Qe1+ 53.Kf3 
Qe8 54.Qe4 Qf7+ 55.Kg2 Qd7 56.Qc4 Qb7 57.Kf1 Qd7 58.Ke2 Qe7+ 59.Kd2 Qf6 
60.Qc5 Qf3 61.Qe3 Qf7 62.Kc3 Qf6+ 63.Kc4 Qf7+ 64.Kc3 Qf6+ 65.Kc4 Qf7+ 66.
Kc5 Qd5+ 67.Kb6 Qb5+ 68.Kc7 Qxb4 69.Kxc6 Qa4+ 70.Kd6 Qa6+ 71.Ke5 Qf6+ 72.
Kd5 Qf7+ 73.Kd4 Qf6+ 74.Kc4 Qc6+ 75.Kb4 h5 76.Qc5 Qf3 77.Kc4 Qe2 78.Qc8+ 
Kh7 79.Qf5+ g6 80.Qf7+ Kh6 81.Qf4+ Kh7 82.Kc3 Qe1+ 83.Kd4 Qe7 84.Kd5 Qb7+ 
85.Kc4 Qc6+ 86.Kd4 Qe6 87.Kc3 Qe1+ 88.Qd2 Qa1+ 89.Kc4 Qa6+ 90.Kd4 Qe6 91.
f4 g5 92.fxg5 Qd6+ 93.Ke4 Qxg3 94.Qf4 Qxf4+ 95.Kxf4 Kg6 96.d4 h4 97.d5 h3 
98.Kg3 1/2-1/2

[Event "19th Hoogeveen op"]
[Site "Hoogeveen NED"]
[Date "2015.10.19"]
[Round "3.7"]
[White "Ankit, R Rajpara"]
[Black "Stocek, Jiri"]
[Result "1/2-1/2"]
[WhiteElo "2467"]
[BlackElo "2566"]
[EventDate "2015.10.17"]
[PlyCount "76"]

1.e4 e6 2.d4 d5 3.Nd2 a6 4.Bd3 c5 5.dxc5 Bxc5 6.Ngf3 Nc6 7.a3 Nge7 8.O-O 
O-O 9.b4 Ba7 10.Re1 f6 11.c4 dxc4 12.Bxc4 Ng6 13.Nb3 Nce5 14.Nxe5 Nxe5 15.
Bf1 Qxd1 16.Rxd1 Bd7 17.Nc5 Bxc5 18.bxc5 Bc6 19.f3 Rfd8 20.Bb2 Kf7 21.Bc3 
Rxd1 22.Rxd1 Nd7 23.Bd4 Rd8 24.Rb1 Ne5 25.Bc3 Rd7 26.Bb4 Nd3 27.Bxd3 Rxd3 
28.Kf2 g5 29.Re1 h5 30.Re3 Rd4 31.Re1 Bb5 32.h4 Kg6 33.hxg5 fxg5 34.Rc1 
Rd3 35.Rc2 h4 36.Rd2 Kh5 37.Rxd3 Bxd3 38.g4+ Kg6 1/2-1/2

[Event "19th Hoogeveen op"]
[Site "Hoogeveen NED"]
[Date "2015.10.19"]
[Round "3.8"]
[White "Maris, Ivo"]
[Black "Gopal, Geetha Narayanan"]
[Result "1/2-1/2"]
[WhiteElo "2319"]
[BlackElo "2536"]
[EventDate "2015.10.17"]
[PlyCount "32"]

1.Nf3 d5 2.g3 c6 3.Bg2 Bg4 4.c4 e6 5.cxd5 exd5 6.O-O Nf6 7.d3 Bc5 8.Nc3 
O-O 9.e4 Nbd7 10.exd5 cxd5 11.d4 Bb6 12.Be3 h6 13.Qb3 Be6 14.Rac1 Rc8 15.
Ne2 Qe7 16.Nf4 Ne4 1/2-1/2

[Event "19th Hoogeveen op"]
[Site "Hoogeveen NED"]
[Date "2015.10.19"]
[Round "3.9"]
[White "Ehlvest, Jaan"]
[Black "Dijkhuis, Tycho"]
[Result "1-0"]
[WhiteElo "2535"]
[BlackElo "2355"]
[EventDate "2015.10.17"]
[PlyCount "105"]

1.Nf3 c5 2.b3 d6 3.Bb2 e5 4.e3 f5 5.c4 Nf6 6.Nc3 Be7 7.Be2 O-O 8.d4 Nc6 9.
d5 Nb8 10.h3 Qe8 11.Qc2 Na6 12.a3 Nc7 13.O-O-O b5 14.cxb5 Rb8 15.Nxe5 dxe5
16.d6 Bd8 17.dxc7 Bxc7 18.Nd5 Bd8 19.Bc4 Kh8 20.f4 exf4 21.exf4 Ne4 22.
Rhe1 Be6 23.g4 Ba5 24.Re2 Rd8 25.gxf5 Bxf5 26.Rg1 Rf7 27.Be5 Ng3 28.Bxg7+ 
Rxg7 29.Rxe8+ Rxe8 30.Qb2 Nh5 31.b4 cxb4 32.axb4 Bd8 33.Rxg7 Nxg7 34.Kd2 
Bh4 35.Qd4 Re4 36.Qc5 Ne6 37.Qc8+ Kg7 38.Ne3 Be1+ 39.Kxe1 Rxe3+ 40.Kd2 Re4
41.Bxe6 Rxe6 42.Qc7+ Kf6 43.Qxa7 Re7 44.Qd4+ Kf7 45.b6 Be4 46.Ke3 Bb7+ 47.
Kf2 Ke6 48.Kg3 Rf7 49.Kg4 Re7 50.f5+ Kf7 51.Qh8 Re4+ 52.Kg5 h6+ 53.Qxh6 
1-0

[Event "19th Hoogeveen op"]
[Site "Hoogeveen NED"]
[Date "2015.10.19"]
[Round "3.10"]
[White "Schroeder, Jan Christian"]
[Black "Baskin, Robert"]
[Result "1/2-1/2"]
[WhiteElo "2519"]
[BlackElo "2338"]
[EventDate "2015.10.17"]
[PlyCount "54"]

1.e4 e6 2.d4 d5 3.Nd2 Be7 4.e5 c5 5.c3 cxd4 6.cxd4 Nc6 7.Bd3 Qb6 8.Ndf3 
Nh6 9.Ne2 Nf5 10.h4 Bd7 11.Bxf5 exf5 12.O-O h6 13.Nf4 Be6 14.h5 Kd7 15.Be3
Rag8 16.Qd2 Qd8 17.Nd3 g5 18.hxg6 fxg6 19.Bxh6 g5 20.Bxg5 Qe8 21.Bxe7 Qh5 
22.Bh4 Rxg2+ 23.Kxg2 Qg4+ 24.Kh2 Rxh4+ 25.Nxh4 Qxh4+ 26.Kg2 Qg4+ 27.Kh2 
Qh4+ 1/2-1/2

[Event "19th Hoogeveen op"]
[Site "Hoogeveen NED"]
[Date "2015.10.19"]
[Round "3.11"]
[White "Van Kooten, Luuk"]
[Black "Das, Arghyadip"]
[Result "1/2-1/2"]
[WhiteElo "2350"]
[BlackElo "2467"]
[EventDate "2015.10.17"]
[PlyCount "81"]

1.d4 d5 2.c4 c6 3.Nc3 dxc4 4.a4 e5 5.Nf3 exd4 6.Qxd4 Qxd4 7.Nxd4 Bc5 8.Nc2
Nf6 9.e4 Ng4 10.Nd1 Be6 11.f4 O-O 12.Be2 Nf6 13.Nc3 Na6 14.Be3 Rfe8 15.O-O
Bf8 16.f5 Bd7 17.Rad1 Nc5 18.Bxc4 Ncxe4 19.Nxe4 Rxe4 20.Bd4 Nd5 21.Bb3 
Rxd4 22.Nxd4 Ne3 23.Ne6 Nxd1 24.Rxd1 Bxe6 25.fxe6 fxe6 26.Bxe6+ Kh8 27.Rd7
b5 28.axb5 cxb5 29.Rc7 a5 30.Rc8 Rxc8 31.Bxc8 Bc5+ 32.Kf1 Bd4 33.Bd7 Bxb2 
34.Bxb5 Kg8 35.Ke2 Kf7 36.Kd3 Ke6 37.Kc2 Be5 38.h3 Bc7 39.Kb3 Ke5 40.Bc6 
Kf4 41.Ka4 1/2-1/2

[Event "19th Hoogeveen op"]
[Site "Hoogeveen NED"]
[Date "2015.10.19"]
[Round "3.12"]
[White "Kevlishvili, Robby"]
[Black "Van Foreest, Lucas"]
[Result "1/2-1/2"]
[WhiteElo "2361"]
[BlackElo "2296"]
[EventDate "2015.10.17"]
[PlyCount "49"]

1.e4 e5 2.Nf3 Nc6 3.Bb5 a6 4.Ba4 d6 5.c3 f5 6.exf5 Bxf5 7.O-O Bd3 8.Re1 
Be7 9.Bc2 Bxc2 10.Qxc2 Nf6 11.d4 e4 12.Ng5 d5 13.f3 h6 14.Nh3 O-O 15.Nd2 
exf3 16.Nxf3 Bd6 17.Bf4 Ne4 18.Bxd6 Qxd6 19.Nf2 Nxf2 20.Qxf2 Rae8 21.Qc2 
Qd7 22.Qg6 Qf7 23.Qc2 Rxe1+ 24.Rxe1 Re8 25.Rxe8+ 1/2-1/2

[Event "19th Hoogeveen op"]
[Site "Hoogeveen NED"]
[Date "2015.10.19"]
[Round "3.13"]
[White "Gupta, Abhijeet"]
[Black "Schoppen, Casper"]
[Result "1-0"]
[WhiteElo "2629"]
[BlackElo "2220"]
[EventDate "2015.10.17"]
[PlyCount "115"]

1.d4 Nf6 2.c4 g6 3.Nc3 Bg7 4.e4 d6 5.f3 O-O 6.Nge2 c5 7.d5 e6 8.Ng3 exd5 
9.cxd5 Nbd7 10.Be2 a6 11.a4 h5 12.Bg5 Qa5 13.O-O Nh7 14.Be3 Ne5 15.Qd2 Bd7
16.Bh6 Qb4 17.Bxg7 Kxg7 18.f4 Qd4+ 19.Qxd4 cxd4 20.fxe5 dxc3 21.bxc3 dxe5 
22.c4 h4 23.Nh1 Rad8 24.Rab1 Bxa4 25.Rxb7 Nf6 26.Nf2 Bc2 27.Bd3 Bxd3 28.
Nxd3 Nxe4 29.Nxe5 Nd6 30.Ra7 Rc8 31.Nd7 Rfe8 32.c5 Nf5 33.c6 Re2 34.Nb6 
Rce8 35.c7 Nd6 36.Ra8 R8e4 37.c8=Q Nxc8 38.Rxc8 Rg4 39.g3 hxg3 40.Rc7 
gxh2+ 41.Kh1 Kg8 42.Rc4 Rg5 43.d6 Reg2 44.Rcc1 Rg1+ 45.Rxg1 Rxg1+ 46.Rxg1 
hxg1=Q+ 47.Kxg1 Kf8 48.Kf2 f5 49.Ke3 g5 50.Nd7+ Kf7 51.Ne5+ Ke6 52.d7 Ke7 
53.Kd4 f4 54.Kd5 f3 55.Kc6 f2 56.Kc7 f1=Q 57.d8=Q+ Ke6 58.Qd6+ 1-0

[Event "19th Hoogeveen op"]
[Site "Hoogeveen NED"]
[Date "2015.10.19"]
[Round "3.14"]
[White "Neelotpal, Das"]
[Black "Clemens, Adrian HP"]
[Result "1-0"]
[WhiteElo "2465"]
[BlackElo "2175"]
[EventDate "2015.10.17"]
[PlyCount "61"]

1.e4 c5 2.Nf3 e6 3.d4 cxd4 4.Nxd4 Nc6 5.Nc3 Qc7 6.Be2 Nf6 7.O-O Be7 8.Be3 
d6 9.f4 O-O 10.Kh1 a6 11.Bf3 Nxd4 12.Qxd4 e5 13.Qd2 exf4 14.Bxf4 Be6 15.
Rad1 Rfd8 16.Qe3 Nd7 17.Bg4 Qb6 18.Qg3 Nf8 19.Be3 Qc7 20.Bd4 Ng6 21.Bf5 
Re8 22.Qg4 Bf8 23.Qh5 Qd8 24.Rd3 Bxf5 25.Qxf5 f6 26.Rh3 Be7 27.Nd5 Nf8 28.
Rg3 Rc8 29.Rxg7+ Kxg7 30.Nxf6 Kh6 31.Ng8# 1-0